[Event "17th IM"]
[Site "Graz AUT"]
[Date "2010.08.30"]
[Round "3"]
[White "Csiszar,C"]
[Black "Schreiner,Pe"]
[Result "1-0"]
[WhiteElo "2450"]
[BlackElo "2188"]

1.d4 d5 2.Nf3 Nf6 3.c4 c6 4.Nc3 dxc4 5.a4 Bf5 6.Ne5 e6 7.f3 c5 8.dxc5 Qxd1+
9.Kxd1 Bxc5 10.e4 Bg6 11.Nb5 Na6 12.Bxc4 Nd7 13.Nd3 Be7 14.Be3 Nb6 15.Bb3 Nc8
16.Ke2 h6 17.Nf4 Bh7 18.Rac1 O-O 19.Rhd1 Nb4 20.Nc7 Rb8 21.Nfxe6 fxe6 22.Nxe6 Nc6
23.Nxf8+ Kxf8 24.Bf4 Ra8 25.Bd5 Nb6 26.Bxc6 bxc6 27.a5 Na4 28.Bd6 Bg8 29.Rxc6 Nxb2
30.Bxe7+ Kxe7 31.Rc7+ Kf6 32.Rd4 Rb8 33.f4 Kg6 34.a6 Rb6 35.Rb7 Bc4+ 36.Kf3 Bxa6
37.Rxb6+ axb6 38.Rd6+  1-0

[Event "7th Open"]
[Site "Kalamaria GRE"]
[Date "2010.08.30"]
[Round "7"]
[White "Atalik,S"]
[Black "Mastrovasilis,D"]
[Result "1/2-1/2"]
[WhiteElo "2607"]
[BlackElo "2583"]

1.d4 d5 2.c4 c6 3.Nf3 Nf6 4.Nc3 dxc4 5.a4 Bf5 6.Ne5 e6 7.f3 c5 8.e4 Bg6 9.Be3 cxd4
10.Qxd4 Qxd4 11.Bxd4 Nbd7 12.Nxd7 Nxd7 13.Bxc4 Rc8 14.Bb5 a6 15.Bxd7+ Kxd7
16.Ke2 f6 17.Rhd1 Ke8 18.Rac1 Be7 19.Bb6 Rf8 20.Na2 Rxc1 21.Nxc1 e5 22.Nd3 f5
23.Nxe5 fxe4 24.Nxg6 exf3+ 25.gxf3 hxg6 26.Rd3 Rf4 27.b3 Bf6 28.Bc7 Rf5 29.Bg3 b5
30.axb5 Rxb5 31.Rd6 Rxb3  1/2-1/2

[Event "1st Campomanes Memorial Cup Open"]
[Site "Manila PHI"]
[Date "2010.08.31"]
[Round "5"]
[White "Irwanto,S"]
[Black "Causo,D"]
[Result "1-0"]
[WhiteElo "2419"]
[BlackElo "2289"]

1.d4 d5 2.Nf3 Nf6 3.c4 c6 4.Nc3 dxc4 5.a4 Bf5 6.Ne5 e6 7.f3 Nbd7 8.e4 Bg6
9.Nxc4 Bb4 10.Be3 O-O 11.Be2 Nb6 12.Ne5 Rc8 13.Nd3 Nc4 14.Bf2 Nxb2 15.Qb3 Nxd3+
16.Bxd3 Qa5 17.Rc1 c5 18.Ke2 cxd4 19.Nb5 e5 20.Nxa7 Ra8 21.Rc4 Be7 22.Nb5 Nd7
23.Rhc1 Qd8 24.Nc7 Rb8 25.Nd5 Bd6 26.Qb5 f5 27.exf5 Bxf5 28.Bxf5 Rxf5 29.Nc7 Rf7
30.Ne6 Qf6 31.Rc8+ Nf8 32.Nd8 Rd7 33.Rxb8 Bxb8 34.Nxb7 e4 35.Nc5 exf3+ 36.gxf3 Rf7
37.Qb3 Bf4 38.Ne4 Qa6+ 39.Qc4 Qxc4+ 40.Rxc4 Ne6 41.Rc6 Re7 42.Bg3 Be3 43.a5 Nf4+
44.Bxf4 Bxf4 45.h3 Re5 46.Rc5 Re6 47.Kd3 Be3 48.h4 g6 49.Rb5 Kg7 50.Nc5 Rf6
51.Ke2 Bg1 52.Ne4 Re6 53.Kd3 h6 54.Rb6 Re5 55.Rb7+ Kf8 56.a6 Ra5 57.a7 Ra3+
58.Kc4  1-0

[Event "1st Campomanes Memorial Cup Open"]
[Site "Manila PHI"]
[Date "2010.08.31"]
[Round "5"]
[White "Zhou Jianchao"]
[Black "Gomez,Joh"]
[Result "1/2-1/2"]
[WhiteElo "2668"]
[BlackElo "2527"]

1.d4 d5 2.c4 c6 3.Nf3 Nf6 4.Nc3 dxc4 5.a4 Bf5 6.Ne5 Nbd7 7.Nxc4 Nb6 8.Ne5 a5
9.f3 Nfd7 10.Nxd7 Nxd7 11.e4 Bg6 12.Be2 Qb6 13.f4 e6 14.O-O f5 15.Bc4 fxe4
16.Bxe6 Nf6 17.f5 Bh5 18.Qe1 Qxd4+ 19.Kh1 Bc5 20.Bf4 e3 21.Qg3 Ng4 22.f6 Nf2+
23.Rxf2 exf2 24.fxg7 Rg8 25.Be5 Bd1 26.Qf3 Bxf3 27.Bxd4 Bxd4 28.Bxg8 Bh5
29.Rf1 Rd8 30.Bxh7 Bxg7 31.Rxf2 Bxc3 32.g4 Bxg4 33.bxc3 Bh3 34.Bc2 Ke7 35.Re2+ Kf6
36.Kg1 Rg8+ 37.Kf2 Rg2+ 38.Ke3 Rxe2+ 39.Kxe2  1/2-1/2

[Event "TCh-SRB 1st League"]
[Site "Vrnjacka Banja SRB"]
[Date "2010.08.31"]
[Round "11"]
[White "Sokolov,Ivan"]
[Black "Akopian,Vl"]
[Result "1/2-1/2"]
[WhiteElo "2641"]
[BlackElo "2691"]

1.d4 d5 2.c4 c6 3.Nf3 Nf6 4.Nc3 dxc4 5.a4 Bf5 6.Nh4 Bg4 7.h3 Bh5 8.g4 Bg6
9.Nxg6 hxg6 10.e3 e6 11.Bxc4 Bb4 12.Bd2 Nbd7 13.Qf3 Qa5 14.h4 O-O-O 15.Rc1 Ne8
16.Be2 Nd6 17.e4 f5 18.gxf5 gxf5 19.e5 Ne4 20.Nxe4 fxe4 21.Bxb4 Qxb4+ 22.Qc3 a5
23.Qxb4 axb4 24.Bc4 Rh6 25.Ke2 Nb6 26.a5 Nd5 27.Rcg1 Rd7 28.Rg4 Rf7 29.Rxe4 Nf4+
30.Kd2 Ng2 31.Rf1 Kd7 32.Kc2 Nxh4 33.Kb3 Nf3 34.Rd1 Rh2 35.Re2 Nh4 36.Rg1 Nf3
37.Rg4 g5 38.Kxb4 Rh4 39.Ree4 Rh2 40.Re2 Rh4 41.Rge4 Nxd4 42.Rxh4 gxh4 43.Rd2 Rf4
44.Kc5 h3 45.Bf1 h2 46.Bg2 Kc7 47.Rxd4 Rxf2 48.Bh1 Rf1 49.Bg2 Rc1+ 50.Rc4 h1=Q
51.Bxh1 Rxh1 52.Rg4 Rc1+ 53.Kb4 Re1 54.Rg5 b6 55.Rg7+ Kb8 56.axb6  1/2-1/2

[Event "ch-RUS Higher League w"]
[Site "St Petersburg RUS"]
[Date "2010.09.01"]
[Round "7"]
[White "Kashlinskaya,A"]
[Black "Ivakhinova,I"]
[Result "0-1"]
[WhiteElo "2352"]
[BlackElo "2279"]

1.d4 d5 2.c4 dxc4 3.Nf3 Nf6 4.Nc3 c6 5.a4 Bf5 6.e3 e6 7.Bxc4 Bb4 8.O-O O-O
9.Qe2 Ne4 10.Bd3 Bxc3 11.bxc3 Nxc3 12.Qc2 Bxd3 13.Qxd3 Nd5 14.Rb1 b6 15.Ba3 Re8
16.Ne5 Nf6 17.Rfc1 Qd5 18.Qc3 Ne4 19.Qb2 f6 20.Nc4 Rd8 21.f3 Ng5 22.a5 b5
23.Nd2 Na6 24.e4 Qd7 25.f4 Nf7 26.Nf3 Nd6 27.Nd2 Rac8 28.Qb3 Nb7 29.Kh1 Kh8
30.Bb2 c5 31.Ba1 cxd4 32.Rxc8 Rxc8 33.Nf3 d3 34.f5 e5 35.Bxe5 d2 36.Bf4 Nxa5
37.Qd5 Qxd5 38.exd5 Rc1+ 39.Rxc1 dxc1=Q+ 40.Bxc1 Nc4 41.Nd4 b4 42.Nb3 Nc7
43.d6 Nxd6 44.Be3 Ndb5 45.Kg1 Kg8 46.g4 Kf7 47.Kf2 Ke8 48.Kf3 Kd7 49.Bc5 Nd5
50.Bf8 g6 51.fxg6 hxg6 52.h4 Ne7 53.h5 gxh5 54.gxh5 Ke8 55.Bh6 Nf5 56.Bd2 Nfd4+
57.Nxd4 Nxd4+ 58.Ke4 Nc6 59.Kd5 b3 60.Bc3 Ne7+ 61.Ke6 Ng8 62.h6 Nxh6 63.Bxf6 Ng4
64.Bh8 Ne3 65.Kd6 Kd8 66.Kc6 Kc8 67.Kb5 Nd1 68.Ka6 Kb8 69.Be5+ Ka8  0-1

[Event "7th Malaysia Open"]
[Site "Kuala Lumpur MAS"]
[Date "2010.09.02"]
[Round "2"]
[White "Lee Kah Meng Elgin"]
[Black "Soon,W"]
[Result "0-1"]
[WhiteElo "1918"]
[BlackElo "2081"]

1.d4 d5 2.c4 c6 3.Nc3 Nf6 4.Nf3 dxc4 5.a4 Bf5 6.e3 e6 7.Bxc4 Bb4 8.O-O Nbd7
9.Qe2 O-O 10.e4 Bg6 11.Bd3 Qa5 12.e5 Nd5 13.Nxd5 cxd5 14.Bxg6 fxg6 15.Ng5 Rae8
16.Qg4 Rf5 17.Be3 Nb6 18.b3 Qa6 19.Rac1 Nc8 20.Qd1 Ne7 21.f4 Rff8 22.g4 h6
23.Nf3 Rc8 24.Bd2 Qb6 25.Bxb4 Qxb4 26.Qd2 Qxd2 27.Nxd2 Rxc1 28.Rxc1 Rxf4
29.Rc7 Nc6 30.Rxb7 Rxd4 31.Nf3 Rxg4+ 32.Kf2 Rb4 33.Rc7 Rb6 34.b4 Nxb4 35.Rxa7 Ra6
36.Re7 Kf8 37.Rb7 Nc6 38.Rc7 g5 39.h3 Kg8 40.a5 Kh7 41.Nd2 Nxe5 42.Nb3 Kg6  0-1

[Event "7th Malaysia Open"]
[Site "Kuala Lumpur MAS"]
[Date "2010.09.02"]
[Round "3"]
[White "Tan Khai Boon"]
[Black "Lee Kah Meng Elgin"]
[Result "0-1"]
[WhiteElo "2160"]
[BlackElo "1918"]

1.d4 d5 2.c4 c6 3.Nf3 Nf6 4.Nc3 dxc4 5.a4 Bf5 6.Ne5 Nbd7 7.Nxc4 Nb6 8.Ne5 a5
9.f3 Nfd7 10.Nxd7 Nxd7 11.e4 Bg6 12.Be2 e6 13.O-O Bb4 14.Qb3 O-O 15.Be3 Qe7
16.Na2 Bd6 17.Qxb7 Rab8 18.Qxc6 Rfc8 19.Qa6 Rc2 20.Bb5 Rb6 21.Qxa5 Qh4 22.e5 Nxe5
23.Bf4 Qxf4 24.dxe5 Bxe5 25.g3 Qd4+ 26.Kh1 Qxb2  0-1

[Event "132nd ch-New York State"]
[Site "Colonie USA"]
[Date "2010.09.03"]
[Round "1"]
[White "Taylor,S"]
[Black "Aaron,D"]
[Result "1-0"]
[WhiteElo "2202"]
[BlackElo "2177"]

1.d4 d5 2.c4 c6 3.Nf3 Nf6 4.Nc3 dxc4 5.a4 Bf5 6.e3 e6 7.Bxc4 Bb4 8.O-O Nbd7
9.Qe2 O-O 10.Rd1 Bg4 11.h3 Bh5 12.e4 c5 13.Na2 Qa5 14.Nxb4 Qxb4 15.b3 Qb6
16.Bb2 Rfe8 17.Qe3 e5 18.Nxe5 Bxd1 19.Bxf7+ Kh8 20.Nxd7 Nxd7 21.Bxe8 Rxe8
22.Rxd1 c4 23.d5 Qxe3 24.fxe3 Rxe4 25.bxc4 Rxc4 26.Rd4 Rc2 27.Re4 Kg8 28.Bd4 Kf7  1-0

[Event "7th Malaysia Open"]
[Site "Kuala Lumpur MAS"]
[Date "2010.09.03"]
[Round "4"]
[White "Laxman,R"]
[Black "Yu Ruiyuan"]
[Result "1/2-1/2"]
[WhiteElo "2498"]
[BlackElo "2381"]

1.Nf3 d5 2.d4 Nf6 3.c4 c6 4.Nc3 dxc4 5.a4 Bf5 6.e3 e6 7.Bxc4 Bb4 8.O-O Nbd7
9.Qb3 a5 10.h3 Ne4 11.Rd1 O-O 12.Nxe4 Bxe4 13.Be2 Nb6 14.Bd2 Qd5 15.Qxd5 cxd5
16.Ne1 Rfc8 17.Bb5 Nc4 18.Bxb4 axb4 19.Nd3 Bxd3 20.Rxd3 Nd6 21.Rad1 Nxb5
22.axb5 Ra5 23.Rb3 Rc4 24.Kf1 Kf8 25.Ke2 Ke7 26.Kd3 Kd6 27.Rd2 Ra1 28.Ke2 Kc7
29.f3 Kb6 30.e4 Kxb5 31.exd5 exd5 32.Re3 Rcc1 33.Kd3 Rc7 34.Re5 Rd7 35.b3 Rg1
36.Kc2 Kc6 37.Kb2 Kd6 38.Re8 h6 39.Ra8 Re1 40.Rc8 Ke7 41.Rc5 Kf6 42.Rb5 Kf5
43.Rxb4 Kf4 44.Ra4 Rc7 45.Ra2 Rcc1 46.Ka3 Red1 47.Rdc2 g5 48.Rxc1 Rxc1 49.Re2 Rd1
50.Re7 f5 51.Rxb7 Rxd4 52.Rf7 Kg3 53.Rxf5 Kxg2 54.b4 Rd3+ 55.Kb2 Rxf3 56.Rxf3 Kxf3
57.b5 d4 58.b6 d3 59.b7 d2 60.b8=Q d1=Q 61.Qf8+ Kg3 62.Qxh6 Qd4+ 63.Kc2 Qh4
64.Qe6 Qxh3 65.Qe5+ Kh4 66.Qh8+ Kg4 67.Qd4+  1/2-1/2

[Event "17th Open A"]
[Site "Graz AUT"]
[Date "2010.09.04"]
[Round "8"]
[White "Toefferl,H"]
[Black "Diermair,A"]
[Result "0-1"]
[WhiteElo "2131"]
[BlackElo "2312"]

1.d4 d5 2.c4 c6 3.Nc3 Nf6 4.Nf3 dxc4 5.a4 Bf5 6.Ne5 Nbd7 7.Nxc4 Qc7 8.g3 e5
9.dxe5 Nxe5 10.Bf4 Nfd7 11.Bg2 g5 12.Bxe5 Nxe5 13.Nxe5 Qxe5 14.O-O Bb4 15.e4 Be6
16.Rc1 Rd8 17.Qc2 h6 18.Kh1 g4 19.Rfd1 O-O 20.Ne2 Rxd1+ 21.Qxd1 Ba5 22.Nf4 Rd8
23.Qf1 Bc8 24.f3 Rd2 25.fxg4 Qxb2 26.Rb1 Qd4 27.h3 Bc7 28.Kh2 Rf2 29.Qe1 Qd2
30.e5 Qxe1 31.Rxe1 Kf8 32.Re4 Ke7 33.Kg1 Rc2 34.Bf1 a6 35.Bd3 Rc5 36.e6 fxe6
37.h4 Rc3 38.Bc4 Rxg3+ 39.Kf2 Bxf4 40.Rxf4 Rh3 41.g5 hxg5 42.hxg5 Rh8 43.Kg3 b5
44.axb5 axb5 45.Bd3 e5 46.Rf3 Rh5 47.g6 Rh3+ 48.Kf2 Rxf3+ 49.Kxf3 Kf6 50.Be4 Bd7
51.Ke3 Be8 52.Kd2 c5 53.Kc3 Bxg6 54.Bc6 b4+ 55.Kc4 Bf7+ 56.Kxc5 b3  0-1

[Event "7th Malaysia Open"]
[Site "Kuala Lumpur MAS"]
[Date "2010.09.04"]
[Round "5"]
[White "Neelotpal,D"]
[Black "Rahman,Zia"]
[Result "1/2-1/2"]
[WhiteElo "2454"]
[BlackElo "2543"]

1.d4 d5 2.Nf3 c6 3.c4 Nf6 4.Nc3 dxc4 5.a4 Bf5 6.e3 e6 7.Bxc4 Bb4 8.O-O O-O
9.Qe2 Bg4 10.h3 Bh5 11.Rd1 Nbd7 12.g4 Bg6 13.Nh4 Nd5 14.Nxg6 hxg6 15.Bd2 Qa5
16.Qe1 N7b6 17.Bf1 e5 18.Ne4 Bxd2 19.Qxd2 Qxd2 20.Rxd2 a5 21.b3 exd4 22.Rxd4 Rfc8
23.Bg2 Rc7 24.Rc1 Nf6 25.Nc5 Nbd7 26.Ne4 Nb6 27.g5 Ne8 28.Rd2 Rd7 29.Rxd7 Nxd7
30.f4 Kf8 31.Kf2 Ke7 32.Bf1  1/2-1/2

[Event "ch-RUS Higher League"]
[Site "Irkutsk RUS"]
[Date "2010.09.05"]
[Round "10"]
[White "Zakhartsov,Vi"]
[Black "Bukavshin,I"]
[Result "1/2-1/2"]
[WhiteElo "2608"]
[BlackElo "2430"]

1.d4 d5 2.c4 c6 3.Nf3 Nf6 4.Nc3 dxc4 5.a4 Bf5 6.Ne5 Nbd7 7.Nxc4 Qc7 8.g3 e5
9.dxe5 Nxe5 10.Bf4 Nfd7 11.Bg2 g5 12.Ne3 gxf4 13.Nxf5 O-O-O 14.Qc2 fxg3 15.hxg3 a5
16.O-O-O h5 17.Ne4 Kb8 18.Qb3 Nc5 19.Rxd8+ Qxd8 20.Qc3 Qd5 21.Nxc5 Qxc5 22.Qxc5 Bxc5
23.f4 Ng6 24.Bf3 h4 25.gxh4 Nxf4 26.h5 Ne6 27.Be4 Nd4 28.Nxd4 Bxd4 29.Kc2 Bg7
30.Bf3 Kc7 31.Bg4 Rh6 32.Rf1 Rf6 33.Rxf6 Bxf6 34.h6 Kd6 35.Bh5 Ke7 36.b3 Bg5
37.h7 Bf6 38.Kd3 b5 39.Bf3 Kd6 40.Bh5 Ke7 41.Ke4 Bh8 42.Kf4 bxa4 43.bxa4 c5  1/2-1/2

[Event "9th Georgiev-Kesarovski Mem"]
[Site "Sunny Beach BUL"]
[Date "2010.09.05"]
[Round "9"]
[White "Kolev,At2"]
[Black "Dimov,Dana"]
[Result "1-0"]
[WhiteElo "2048"]
[BlackElo "1935"]

1.d4 d5 2.c4 c6 3.Nf3 Nf6 4.Nc3 dxc4 5.a4 Bf5 6.Ne5 Nbd7 7.Nxc4 Qc7 8.g3 e5
9.dxe5 Nxe5 10.Bf4 Nfd7 11.Bg2 Be7 12.O-O Be6 13.Nxe5 Nxe5 14.Qd4 f6 15.h4 O-O
16.Ne4 Rfd8 17.Qc3 b6 18.Ng5 Bd5 19.e4 Bf7 20.Nxf7 Kxf7 21.Rac1 Rac8 22.Bh3 Ra8
23.Bxe5 fxe5 24.Qb3+ Kf8 25.f4 Bc5+ 26.Rxc5 bxc5 27.fxe5+ Ke8 28.Qg8+  1-0

[Event "9th Georgiev-Kesarovski Mem"]
[Site "Sunny Beach BUL"]
[Date "2010.09.05"]
[Round "9"]
[White "Yakimenko,A"]
[Black "Somova,N"]
[Result "1/2-1/2"]
[WhiteElo "2091"]
[BlackElo "1968"]

1.d4 d5 2.c4 c6 3.Nc3 Nf6 4.Nf3 dxc4 5.a4 Bf5 6.e3 e6 7.Bxc4 Bb4 8.O-O Nbd7
9.Qe2 Bg6 10.Rd1 Qc7 11.Bd2 O-O 12.h3 h6 13.Bb3 e5 14.Nb5 Qa5 15.Nxe5 Nxe5
16.dxe5 Ne4 17.Bxb4 Qxb4 18.Nd4 Nc5 19.Qc4 Qxc4 20.Bxc4 Rfe8 21.f4 Be4 22.g4 a5
23.Nb3 Nxb3 24.Bxb3 b5 25.Rd7 Rf8 26.Rd4 Bf3 27.Kf2 c5 28.Rd6 bxa4 29.Rxa4 Rfb8
30.Bc4 Be4 31.b3 Bc2 32.Ra3 a4 33.Rxa4 Rxa4 34.bxa4 Bxa4 35.e6 fxe6 36.Bxe6+ Kf8
37.Ra6 Bb3 38.Kf3 c4 39.Ra7 Bd1+ 40.Ke4 c3 41.Kd3 c2 42.Kd2 Rd8+ 43.Rd7 Rb8
44.Rf7+ Ke8 45.Rxg7 Rd8+ 46.Kc1 Rd3 47.e4 Rxh3 48.f5 Ra3 49.Rc7 Bxg4 50.Kxc2 Re3
51.Bd5 Rf3 52.Rc3 Rf2+ 53.Kd3 Bxf5 54.exf5 Rxf5 55.Ke4 Rf1 56.Rc7 h5 57.Be6 h4
58.Ke5 Re1+ 59.Kf6 Rf1+ 60.Bf5 Rd1 61.Rc8+ Rd8 62.Bg6+ Kd7 63.Bf5+ Ke8 64.Rc4 Rd6+
65.Be6 h3 66.Rc8+ Rd8 67.Rc7 Rd3 68.Bf5 Rd6+ 69.Be6 Rd3 70.Rc8+ Rd8 71.Rc3 Rd1
72.Bxh3 Rd6+ 73.Be6 Rd2 74.Rc7 Rf2+  1/2-1/2

[Event "TCh-ROU Superliga"]
[Site "Baile Herculane ROU"]
[Date "2010.09.06"]
[Round "3"]
[White "Banikas,H"]
[Black "Rapport,R"]
[Result "1/2-1/2"]
[WhiteElo "2590"]
[BlackElo "2523"]

1.Nf3 d5 2.d4 Nf6 3.c4 c6 4.Nc3 dxc4 5.a4 Bf5 6.e3 e6 7.Bxc4 Bb4 8.O-O Nbd7
9.Qe2 O-O 10.e4 Bg4 11.Na2 Be7 12.Rd1 Qa5 13.Bd2 Qh5 14.h3 Bxf3 15.Qxf3 Qxf3
16.gxf3 Nb8  1/2-1/2

[Event "7th Malaysia Open"]
[Site "Kuala Lumpur MAS"]
[Date "2010.09.06"]
[Round "8"]
[White "Lee Kah Meng Elgin"]
[Black "Nakvanich,S"]
[Result "1-0"]
[WhiteElo "1918"]
[BlackElo "1921"]

1.d4 d5 2.c4 c6 3.Nc3 Nf6 4.Nf3 dxc4 5.a4 Bf5 6.e3 e6 7.Bxc4 Bb4 8.O-O O-O
9.Qe2 Nbd7 10.e4 Bg4 11.Rd1 Qc7 12.Bg5 Rae8 13.Rac1 Qa5 14.Bh4 Qh5 15.Bg3 Nb6
16.Bb3 e5 17.dxe5 Nfd7 18.Na2 Ba5 19.h3 Bxf3 20.Qxf3 Qxf3 21.gxf3 Nxe5 22.Kg2 g5
23.Rc5 Nbd7 24.Rxa5 a6 25.Bxe5 Nxe5 26.Rc5 Kg7 27.Rc2 f5 28.Nc3 b5 29.axb5 axb5
30.Ne2 Ng6 31.Rxc6 fxe4 32.fxe4 Rxe4 33.Rd7+ Kh6 34.Ng3 Rb4 35.Bc2 Rbf4 36.Nf5+ R4xf5
37.Bxf5 Rxf5 38.Rcc7 Nf4+ 39.Kf1 Re5 40.Rxh7+ Kg6 41.Rhe7 Rd5 42.Red7 Re5
43.Rc3 b4 44.Rc4 b3 45.Rb4 Rc5 46.Rd1 Nxh3 47.Rxb3 Nf4 48.Rc3 Ra5 49.b4 Ra2
50.Rb3 g4 51.Ke1 Re2+ 52.Kf1 Ra2 53.Ke1 Re2+ 54.Kf1 Ra2 55.Rdb1 Rd2 56.R3b2 Rd8
57.b5 Rh8 58.Ke1 Nd3+ 59.Ke2 Nxb2 60.Rxb2 Kf5 61.b6 Rb8 62.b7 Ke4 63.Rb4+ Ke5
64.Ke3 Kf5 65.Rb5+ Kf6 66.Kf4 Kg6 67.Kxg4 Kf6 68.f4 Kg6 69.Rb6+ Kg7 70.f5 Kf7
71.Kf4 Ke7 72.Ke5 Kd7 73.Kf6 Kc7 74.Rb1 Rf8+ 75.Kg7  1-0

[Event "ch-POR"]
[Site "Amadora POR"]
[Date "2010.09.07"]
[Round "4"]
[White "Fernandes,Ant"]
[Black "Dias,P"]
[Result "1/2-1/2"]
[WhiteElo "2422"]
[BlackElo "2394"]

1.d4 d5 2.Nf3 Nf6 3.c4 c6 4.Nc3 dxc4 5.a4 Bf5 6.Ne5 e6 7.f3 c5 8.e4 Bg6 9.Be3 cxd4
10.Qxd4 Qxd4 11.Bxd4 Nfd7 12.Nb5 Bb4+ 13.Kf2 O-O 14.Bxc4 a6 15.Nxd7 Nxd7
16.Na3 Rfd8 17.Nc2 Bc5 18.Rhd1 Kf8 19.Ne3 Bxd4 20.Rxd4 Ne5 21.Rxd8+ Rxd8
22.Ke2 Ke7 23.Ra3 Nc6 24.Ke1 f6 25.a5 Be8 26.b4 Rc8 27.b5 axb5 28.Bxb5 Nd4
29.Bxe8 Kxe8 30.a6 bxa6 31.Rxa6 Nc2+ 32.Kf2 Nxe3 33.Kxe3 Rc2 34.Kd4  1/2-1/2

[Event "12th Open"]
[Site "Trieste ITA"]
[Date "2010.09.08"]
[Round "6"]
[White "Kragelj,I"]
[Black "Vidic,M SLO"]
[Result "1/2-1/2"]
[WhiteElo "2226"]
[BlackElo "2016"]

1.d4 d5 2.c4 c6 3.Nf3 Nf6 4.Nc3 dxc4 5.a4 Bf5 6.Ne5 Nbd7 7.Nxc4 Qc7 8.g3 e5
9.dxe5 Nxe5 10.Bf4 Nfd7 11.Bg2 g5 12.Ne3 gxf4 13.Nxf5 O-O-O 14.Qc2 Kb8 15.O-O-O Ng4
16.Ne4 Qe5 17.h3 Qxf5 18.hxg4 Qe5 19.gxf4 Qxf4+ 20.e3 Qe5 21.g5 Bg7 22.f4 Qe7
23.Rd3 Nb6 24.Rhd1  1/2-1/2

[Event "WCh w Blitz Quarter-Final"]
[Site "Moscow RUS"]
[Date "2010.09.14"]
[Round "8"]
[White "Mirzoeva,E"]
[Black "Fatianova,T"]
[Result "0-1"]
[WhiteElo "2239"]
[BlackElo "2289"]

1.d4 d5 2.Nf3 Nf6 3.c4 c6 4.Nc3 dxc4 5.a4 Bf5 6.e3 e6 7.Bxc4 Be7 8.O-O O-O
9.Qe2 Nbd7 10.e4 Bg6 11.Rd1 Qb6 12.Bf4 Nh5 13.Be3 Qc7 14.Rac1 Nhf6 15.Bg5 Rfe8
16.e5 Nd5 17.Nxd5 exd5 18.Bxd5 Bxg5 19.Nxg5 Qd8 20.Bxf7+ Bxf7 21.Nxf7 Kxf7
22.f4 Nb6 23.f5 Qd5 24.Rc3 Rad8 25.Rh3 h6 26.Qh5+ Kg8 27.f6 Qf7 28.Qg4 Nd5
29.Rg3 Nxf6 30.exf6 Qxf6 31.Rf3 Qe6 32.Qf4 Rf8 33.Qg3 Rxf3 34.Qxf3 Qd5 35.Qc3 c5
36.b4 cxd4 37.Qd3 a6 38.Rc1 Qa2 39.a5 Qe6 40.Kf2 Rf8+ 41.Kg1 Qd6 42.Qc4+ Kh8
43.Rd1 Rd8 44.Rd3 Qd5 45.Qc7 Rd7 46.Qc8+ Kh7 47.h3 Re7 48.Qc5 Rd7 49.Qxd5 Rxd5
50.Kf2 Kg6 51.g4 Kg5 52.Kg3 Kf6 53.Kf4 g5+ 54.Ke4 Ke6 55.Rxd4 Rxd4+ 56.Kxd4 Kd6
57.Ke4 Ke6 58.Kd4 Kd6 59.Ke4 Kc6 60.Kd4 Kb5 61.Kc3 Ka4 62.Kc4 Ka3 63.b5 Ka4
64.bxa6 bxa6 65.Kc3 Kxa5 66.Kb3 Kb5 67.Ka3 Kc5 68.Ka4 Kd4 69.Ka5 Ke4 70.Kxa6 Kf4
71.Kb5 Kg3 72.Kc4 Kxh3 73.Kd3 Kxg4 74.Ke4 Kh3 75.Kf3 h5 76.Kf2 Kh2 77.Kf3 g4+
78.Kf4 g3 79.Kf3 g2 80.Kf2 g1=Q+ 81.Kf3  0-1

[Event "EYCC Girls U18"]
[Site "Batumi GEO"]
[Date "2010.09.20"]
[Round "1"]
[White "Tsatsalashvili,K"]
[Black "Anusca,M"]
[Result "1-0"]
[WhiteElo "2266"]
[BlackElo "2009"]

1.d4 d5 2.c4 c6 3.Nc3 Nf6 4.Nf3 dxc4 5.a4 Bf5 6.Ne5 Na6 7.Nxc4 e6 8.Bg5 Be7
9.e3 Nb4 10.Rc1 O-O 11.Be2 Ne4 12.Bxe7 Qxe7 13.O-O Rfd8 14.Qb3 Rac8 15.f3 Nf6
16.a5 c5 17.dxc5 Qxc5 18.Na4 Qe7 19.e4 Bg6 20.Qa3 Nd7 21.Kh1 Nb8 22.Nc3 N8c6
23.Na2 Nxa2 24.Qxa2 Nd4 25.b3 Qb4 26.Rb1 f6 27.Rfd1 e5 28.Ne3 Bf7 29.Bc4 Rc5
30.Bxf7+ Kxf7 31.Nc4 Ke7 32.h3 Rdc8 33.a6 bxa6 34.Ne3 Kd6 35.Nd5 Rxd5 36.exd5 Rc2
37.Rxd4 Qc5 38.b4 Qc3 39.Qa5 exd4 40.Qd8+ Ke5 41.Qe8+ Kxd5 42.Qb5+ Kd6 43.Rd1 Rc1
44.Qb8+ Ke6 45.Qg8+ Kd6 46.Qd8+ Ke6 47.Qe8+ Kd6 48.Qb8+ Ke6 49.Rxc1 Qxc1+
50.Kh2 Qe3 51.b5 f5 52.bxa6 f4 53.Qxf4 Qf2  1-0

[Event "Tatry Open"]
[Site "Tatranske Zruby CZE"]
[Date "2010.10.04"]
[Round "3"]
[White "Papan,C"]
[Black "Gouvart,S"]
[Result "1-0"]
[WhiteElo "2091"]
[BlackElo "1975"]

1.d4 d5 2.c4 c6 3.Nf3 Nf6 4.Nc3 dxc4 5.a4 Bf5 6.e3 e6 7.Bxc4 Nbd7 8.O-O Be7
9.Qe2 O-O 10.e4 Bg4 11.Be3 c5 12.Rfd1 cxd4 13.Bxd4 Qc7 14.e5 Nh5 15.Nb5 Nf4
16.Nxc7 Nxe2+ 17.Bxe2  1-0

[Event "Tatry Open"]
[Site "Tatranske Zruby CZE"]
[Date "2010.10.05"]
[Round "5"]
[White "Bombek,P"]
[Black "Kernazhitsky,L"]
[Result "0-1"]
[WhiteElo "2194"]
[BlackElo "2347"]

1.d4 d5 2.c4 c6 3.Nf3 Nf6 4.Nc3 dxc4 5.a4 Bf5 6.Ne5 e6 7.f3 c5 8.dxc5 Qxd1+
9.Kxd1 Bxc5 10.e4 Bg6 11.Bxc4 Nfd7 12.Nxd7 Nxd7 13.Ke2 Ne5 14.Bb5+ Ke7 15.Be3 Rac8
16.Rhd1 a6 17.Bd3 f6 18.Rac1 Rhd8 19.Nd5+ exd5 20.Bxc5+ Ke8 21.Be3 Rxc1 22.Bxc1 dxe4
23.Bxe4 Rxd1 24.Bxg6+ Nxg6 25.Kxd1 Nh4 26.Ke2 Nxg2 27.Kf2 Nh4 28.Kg3 Nf5+
29.Kf4 Nd6 30.b3 Kf7 31.h4 h5 32.Ba3 Ne8 33.Ke4 Ke6 34.f4 g6 35.Kd4 b6 36.a5 bxa5
37.Kc5 Nd6 38.Bc1 Nf5 39.Bd2 Nxh4 40.Kb6 Nf3 41.Bxa5 h4 42.Kxa6 h3  0-1

[Event "Tatry Open"]
[Site "Tatranske Zruby CZE"]
[Date "2010.10.07"]
[Round "7"]
[White "Jandourek,L"]
[Black "Kernazhitsky,L"]
[Result "1/2-1/2"]
[WhiteElo "2177"]
[BlackElo "2347"]

1.d4 d5 2.Nf3 Nf6 3.c4 c6 4.Nc3 dxc4 5.a4 Bf5 6.Ne5 e6 7.f3 c5 8.e4 Bg6 9.Be3 cxd4
10.Qxd4 Qxd4 11.Bxd4 a6 12.Bxc4 Nfd7 13.Nxd7 Nxd7 14.Rc1 Rg8 15.Na2 Bd6 16.Ke2 Ke7
17.g3 f6 18.Bb3 Rac8 19.Rxc8 Rxc8 20.Rc1 Rxc1 21.Nxc1 Bc5 22.Bc3 Ne5 23.Nd3 Nxd3
24.Kxd3 Be8 25.a5 Bc6 26.Bc4 g6 27.Ke2 f5 28.exf5 exf5 29.h4 h5 30.b4 Ba7
31.Be5 Bb5 32.Kd3 Bf2 33.Ke2 Bg1 34.Kd3 Bxc4+ 35.Kxc4 Ke6 36.Bd4 Bh2 37.Bf2 f4
38.gxf4 Bxf4 39.Be1 Bd6 40.b5 Be7 41.bxa6 bxa6 42.Kd4 Bd6 43.Ke4 Bb8 44.Kd4 Ba7+
45.Ke4 Bc5 46.Kf4 Be7 47.Ke4 Bd8 48.Kd4 Kf5 49.Kd5 Kf4 50.Kc6 Kxf3 51.Kd7 Bxh4
52.Bxh4 Kg4 53.Bd8 h4 54.Bxh4 Kxh4 55.Kc6 g5 56.Kb7 g4 57.Kxa6 g3 58.Kb7  1/2-1/2

[Event "TCh-SWE Elitserien 2010-11"]
[Site "Sweden SWE"]
[Date "2010.10.08"]
[Round "1"]
[White "Backman,A"]
[Black "Mansson,L"]
[Result "1/2-1/2"]
[WhiteElo "2102"]
[BlackElo "2203"]

1.d4 d5 2.c4 c6 3.Nf3 Nf6 4.Nc3 dxc4 5.a4 Bf5 6.Ne5 Nbd7 7.Nxc4 Nb6 8.Ne5 a5
9.e3 Nfd7 10.Nxd7 Nxd7 11.Bc4 e6 12.O-O Bb4 13.e4 Bg6 14.Kh1 Bxc3 15.bxc3 Bxe4
16.Ba3 Nb6 17.Bb3 Qg5 18.f3 Bd5 19.Re1 Nc4 20.Bxc4 Bxc4 21.Qb1 Ba6 22.Re5 Qd2
23.Qb6 Qxc3 24.Ree1 Rc8 25.Rec1 Qd2 26.Qc5 Rc7 27.Qe5 Rd7 28.Rd1 Qh6 29.Qxa5 f6
30.Re1 Kf7 31.Qb4 Rhd8 32.Qb3 Rd5 33.Bc5 Qg5 34.Re4 f5 35.Re3 Bc4 36.Qc3 Qh6
37.Rae1 Ba6 38.h3 Qf6 39.Qa5 R8d7 40.Qb6 f4 41.Re4 Bd3 42.Re5 Rxe5 43.Rxe5 Bf5  1/2-1/2

[Event "Continental Class Ch"]
[Site "Arlington USA"]
[Date "2010.10.09"]
[Round "4"]
[White "De Fotis,Gary"]
[Black "Holt,C"]
[Result "0-1"]
[WhiteElo "2075"]
[BlackElo "2403"]

1.d4 d5 2.c4 c6 3.Nf3 Nf6 4.Nc3 dxc4 5.a4 Bf5 6.e3 e6 7.Bxc4 Bb4 8.O-O O-O
9.Nh4 Bg4 10.f3 Bh5 11.g4 Nd5 12.Ng2 Bg6 13.Ne2 c5 14.Kh1 Nc6 15.dxc5 Bxc5
16.e4 Ne5 17.Bxd5 exd5 18.Qxd5 Qxd5 19.exd5 Bd3 20.Ngf4 Rad8 21.Nxd3 Nxd3
22.Nc3 Bb4 23.Kg2 Bxc3 24.bxc3 Rxd5 25.Be3 a6 26.Rfb1 Rd7 27.Rb6 f5 28.g5 Re8
29.Bd4 Re2+ 30.Kg1 Rde7 31.Rab1 Ne1 32.f4 Nf3+ 33.Kf1 Nxh2+ 34.Kg1 Nf3+ 35.Kf1 Nd2+
36.Kg1 Nxb1 37.Rxb1 Re1+ 38.Rxe1 Rxe1+ 39.Kf2 Ra1  0-1

[Event "Continental Class Ch"]
[Site "Arlington USA"]
[Date "2010.10.09"]
[Round "4"]
[White "Kacheishvili,G"]
[Black "Aaron,D"]
[Result "1-0"]
[WhiteElo "2568"]
[BlackElo "2177"]

1.d4 d5 2.Nf3 Nf6 3.c4 c6 4.Nc3 dxc4 5.a4 Bf5 6.Ne5 Nbd7 7.Nxc4 Qc7 8.g3 e5
9.dxe5 Nxe5 10.Bf4 Nfd7 11.Bg2 g5 12.Ne3 gxf4 13.Nxf5 O-O-O 14.Qc2 fxg3 15.hxg3 h5
16.Rd1 Bb4 17.Rd4 Bc5 18.Rdh4 Ng4 19.O-O Nh6 20.b4 Nxf5 21.Qxf5 Be7 22.Re4 Bf6
23.Rc1 Bxc3 24.Rxc3 h4 25.b5 hxg3 26.bxc6 Kb8 27.Rb4 gxf2+ 28.Kxf2 b6 29.Re3 Qd6
30.cxd7  1-0

[Event "TCh-NED"]
[Site "Netherlands NED"]
[Date "2010.10.09"]
[Round "2.1"]
[White "Van Wely,L"]
[Black "Willemze,J"]
[Result "1-0"]
[WhiteElo "2679"]
[BlackElo "2396"]

1.d4 d5 2.c4 c6 3.Nf3 Nf6 4.Nc3 dxc4 5.a4 Bf5 6.e3 e6 7.Bxc4 Bb4 8.O-O O-O
9.Nh4 Nbd7 10.h3 Rc8 11.Nxf5 exf5 12.Qb3 Qb6 13.Rd1 a5 14.Bd2 g6 15.Rac1 Qa7
16.e4 fxe4 17.Bh6 Nb6 18.Bxf8 Rxf8 19.Re1 Nxc4 20.Qxc4 Re8 21.Re3 Qb8 22.Qe2 Qf4
23.Re1 Kg7 24.Qc2 Bd6 25.g3 Qf5 26.Nxe4 Nxe4 27.Rxe4 Rxe4 28.Qxe4 Qxh3 29.d5 Bb4
30.Qe5+ f6 31.Qc7+ Kh6 32.Re4 g5 33.Qf7  1-0

[Event "4NCL Team Rapid"]
[Site "Newport Pagnell ENG"]
[Date "2010.10.09"]
[Round "3"]
[White "Sherwin,J"]
[Black "Cox,JohnJ"]
[Result "0-1"]
[WhiteElo "2246"]
[BlackElo "2398"]

1.d4 d5 2.c4 c6 3.Nf3 Nf6 4.Nc3 dxc4 5.a4 Bf5 6.e3 e6 7.Bxc4 Bb4 8.O-O O-O
9.Qe2 Bg4 10.h3 Bh5 11.Rd1 Nbd7 12.e4 Qe7 13.e5 Nd5 14.Ne4 f6 15.g4 Bg6 16.exf6 gxf6
17.Bh6 Rf7 18.Bd3 Kh8 19.Kh1 Rg8 20.h4 Bd6 21.Rg1 Bf4 22.g5 Bh5 23.Ng3 Bxg3
24.fxg3 fxg5 25.g4 Nf4 26.Qe3 Nxd3 27.gxh5 g4 28.Bg5 Qd6 29.Rxg4 Qd5 30.Rf1 Ne1
31.Rf4 Rxf4 32.Bxf4 Nxf3 33.Qxf3 Qxf3+ 34.Rxf3 Kg7 35.Rg3+ Kf7 36.Rf3 Ke8
37.h6 Rf8 38.Kg2 Nb6 39.a5 Nd5 40.Be5 Rxf3 41.Kxf3 Kf7 42.h5 Nf6 43.a6 bxa6
44.Bb8 Nxh5 45.Bxa7 Nf6 46.Kf4 Nd7 47.Kg5 Ke7 48.Bc5+  0-1